Statistiques concernant Pays sans aéroports

Cliquez ici pour prendre le quiz!

Statistiques générales

  • Ce quiz a été pris 594 fois
  • Le résultat moyen est 4 sur 5

Statistiques - réponses

Pays% Correct
Vatican
96%
Andorre
90%
Monaco
90%
Saint Marin
86%
Liechtenstein
82%

Distribution des résultats

Percentile par nombre de réponses

% des personnes avec chaque résultat

Votre développement - résultats

Vous n’avez pas pris ce quiz